[Event "Ruhrgebiet VK2 0910"]
[Site "Ruhrgebiet"]
[Date "2010.04.18"]
[Round "9.7"]
[White "Bittner, Reinhardt"]
[Black "Galle, Wolfgang"]
[Result "0-1"]
[WhiteElo "1428"]
[BlackElo "1878"]
[PlyCount "64"]
[EventDate "2009.09.06"]
[EventType "team"]
[EventRounds "9"]
[EventCountry "GER"]
[SourceTitle "EXT 2011"]
[Source "ChessBase"]
[SourceDate "2010.11.26"]
[SourceVersion "1"]
[SourceVersionDate "2010.11.26"]
[SourceQuality "1"]
[WhiteTeam "Unser Fritz"]
[BlackTeam "Muelheim"]
[WhiteTeamCountry "GER"]
[BlackTeamCountry "GER"]

1. d4 e6 2. Nf3 c5 3. c3 Nf6 4. Bg5 d5 5. e3 b6 6. Ne5 a6 7. Qa4+ Bd7 8. Qd1 Be7 9. Bd3 0-0 10. Nd2 Nc6 11. f4 Ne8 12. Bxe7 Qxe7 13. 0-0 f5 14. c4 Nf6 15. cxd5 Nxd5 16. Nxc6 Bxc6 17. Qe2 Nb4 18. Rf2 Rfd8 19. a3 Nxd3 20. Qxd3 Qf6 21. Qc3 cxd4 22. exd4 Rac8 23. Nf3 Bxf3 24. Qxf3 Qxd4 25. Qe2 Rc6 26. Qxa6 Rdc8 27. g3 Rc2 28. Raf1 Kf7 29. Kg2 R8c7 30. Qb5 Kf6 31. Re2 Qe4+ 32. Kf2 Rxe2+ 0-1